Statistics for NBA Players By Letter - O

Click here to take the quiz!

General Stats

  • This quiz has been taken 234 times
  • The average score is 4 of 8

Answer Stats

First NameSurnameTeam% Correct
VictorOladipoOklahoma City Thunder
95%
JahlilOkaforPhiladelphia 76ers
91%
KellyOlynykBoston Celtics
78%
KellyOubreWashington Wizards
73%
KyleO'QuinnNew York Knicks
24%
ArinzeOnuakuOrlando Magic
8%
ChinanuOnuakuHouston Rockets
8%
DanielOchefuWashington Wizards
4%

Score Distribution

Percentile by Number Answered

Percent of People with Each Score

Your Score History

You have not taken this quiz